| 000 | 02415nam a22001817a 4500 | ||
|---|---|---|---|
| 005 | 20251217172917.0 | ||
| 082 | _a920 MUH | ||
| 100 |
_aVaikom Muhammad Basheer _9355 |
||
| 245 | _aPathummayude Aadu_Malayalam | ||
| 250 | _a1 | ||
| 260 |
_aDC Books _bKottayam _c2025 |
||
| 300 | _aNumber of pages : 124 | ||
| 500 | _aCategory : Novel | ||
| 520 | _aവൈക്കം മുഹമ്മദ് ബഷീറിന്റെ വളരെ പ്രശസ്തമായ നോവലാണ് പാത്തുമ്മായുടെ ആട്. ഈ നോവലിന് പെണ്ണുങ്ങളുടെ ബുദ്ധി എന്നൊരു പേരും കൂടി ബഷീര് നല്കിയിട്ടുണ്ട്. എല്ലാവരിലും നന്മയും സ്നേഹവും കണ്ടെത്തുന്ന അദ്ദേഹത്തിന്റെ ജീവിതവീക്ഷണം കൂടി പ്രകടമാകുന്ന കൃതിയാണിത്. ബഷീറിന്റെ അമ്മയും സഹോദരങ്ങളും അവരുടെ ഭാര്യമാരും കുട്ടികളും അടങ്ങുന്ന വലിയ കൂട്ടുകുടുംബം ഒരു ചെറിയ വീട്ടില് ഒരുമിച്ചാണ് കഴിഞ്ഞിരുന്നത്. അവിടെ നടക്കുന്ന ദൈനംദിന സംഭവ വികാസങ്ങള് തന്റെ തനതു ശൈലിയില് വിവരിച്ചിരിക്കുകയാണ് ബഷീര് ഈ നോവലില്. ആ വീട്ടിലെ ഓരോ കുടുംബാംഗവും എന്നുമാത്രമല്ല, ബഷീറിന്റെ സഹോദരി പാത്തുമ്മ വളര്ത്തുന്ന ആട് വരെ ഈ നോവലിലെ കഥാപാത്രങ്ങളാണ്. നോവലിലെ പ്രധാന കഥാപാത്രമാണ് പാത്തുമ്മ. പേര് സൂചിപ്പിക്കും പോലെ ഈ പാത്തുമ്മയുടെ ആടിനെ ചുറ്റിപ്പറ്റിയാണ് നോവലിന്റെ കഥാഗതി. | ||
| 546 | _aLanguage : Malayalam | ||
| 650 |
_aGEN _92 |
||
| 942 | _cBK | ||
| 999 |
_c38083 _d38083 |
||